| 000 | 00774 a2200205 4500 | ||
|---|---|---|---|
| 005 | 20080819160323.0 | ||
| 010 | _aENG-96621 | ||
| 020 |
_a8180544877 _c160.00 |
||
| 035 | _aEN-80154 | ||
| 037 | _bDBAD/PUB | ||
| 082 | _a339 | ||
| 100 |
_aDhingra, I. C. _9792 |
||
| 245 |
_aPrinciples of macroeconomics : _bbased on the revised new syllabus of B.A. programme, II year of University of Delhi _cby I.C. Dhingra and V. K. Garg |
||
| 260 |
_aNew Delhi _bSultan Chand and Sons _c2009 |
||
| 270 |
_a23, Darya Ganj, _bNew Delhi _cDelhi _e110002 _k23266105 _l23266357 |
||
| 300 |
_axv, 375 p. _c24 cm (Pbk) |
||
| 700 |
_aGarg, V. K. _9793 |
||
| 942 |
_adpl _cEN _k339 / DHI _2ddc _h339 _mDHI |
||
| 999 |
_c329 _d329 |
||